Les 100 personnages les plus populaires de One Piece - Statistiques

Statistiques générales
  • Ce quiz a été pris 770 fois
  • Le résultat moyen est 58 sur 100
Statistiques - réponses
Rang Personnages % Correct
01 Monkey D. Luffy
100%
03 Nami
100%
02 Roronoa Zoro
100%
06 Nico Robin
98%
04 Sanji
98%
26 Brook
96%
16 Tony Tony Chopper
96%
09 Portgas D. Ace
95%
12 Shanks
94%
28 Franky
93%
65 Kaido
93%
15 Usopp
92%
86 Charlotte Linlin (Big Mom)
91%
18 Jinbe
91%
20 Don Quichotte Doflamingo
90%
31 Edward Newgate (Barbe Blanche)
90%
46 Marshall D. Teach (Barbe Noire)
90%
10 Sabo
90%
05 Trafalgar Law
90%
29 Gol D. Roger (Gold Roger)
87%
36 Kuzan (Aokiji)
87%
44 Monkey D. Garp
87%
17 Crocodile (Mr. 0)
86%
53 Sakazuki (Akainu)
86%
23 Eustass Kid
85%
62 Monkey D. Dragon
84%
59 Borsalino (Kizaru)
83%
34 Baggy
82%
14 Charlotte Katakuri
82%
30 Dracule Mihawk
82%
07 Boa Hancock
81%
21 Nefertari Vivi (Miss Wednesday)
79%
19 Marco
78%
98 Bartholomew Kuma
77%
74 Gecko Moria
75%
33 Silvers Rayleigh
74%
24 Kozuki Oden
70%
43 Rob Lucci
68%
27 Smoker
68%
22 Bentham (Mr 2 / Bonclay)
67%
92 Kinemon
67%
35 Ener
66%
52 Issho (Fujitora)
66%
55 Killer
66%
42 Koby
66%
57 Ben Beckman
65%
08 Carrot
63%
85 Jewelry Bonney
63%
77 Kaku
63%
11 Yamato
62%
82 Basil Hawkins
60%
41 X. Drake
60%
68 Rebecca
59%
70 Urouge
59%
79 Emporio Ivankov
57%
38 Tashigi
56%
64 Bepo
54%
91 César Clown
54%
25 Perona
53%
40 Bartolomeo
52%
45 Charlotte Pudding
51%
13 Don Quichotte Rosinante (Corazon)
51%
94 Vista
50%
99 Charlotte Cracker
49%
73 Cavendish (Hakuba)
46%
58 Koala
46%
61 Pedro
46%
95 Charlotte Perospero
42%
50 Shirahoshi
41%
93 Zeff
41%
39 Vinsmoke Reiju
40%
48 Izo
36%
54 Otama
36%
47 Kikunojo (O Kiku)
31%
76 Monet
31%
32 Vogue Merry
30%
63 Thousand Sunny
29%
67 Dr Hiluluk
28%
56 Ulti
28%
81 Belmer
27%
84 Gin
27%
49 Kozuki Hiyori (Komurasaki)
27%
83 Denjiro (Kyoshiro)
26%
51 Pell
25%
72 Senor Pink
25%
88 Wiper
23%
69 Pauly
21%
96 Kawamatsu
20%
60 Gaimon
17%
100 Chouchou
16%
75 Karoo
14%
97 Pandaman
14%
90 Charlotte Mont-d'Or
12%
80 Morgans
12%
66 Rockstar
8%
37 Woop Slap
6%
71 Namur
5%
78 Orlumbus
5%
87 Marguerite
4%
89 Kung-fu Dugong
3%
Aucun quiz correspondant
Distribution des résultats
% des personnes avec chaque résultat
Percentile par nombre de réponses
Votre historique - résultats
Vous n’avez pas pris ce quiz